Mikrologistika

Gespeichert in:
Bibliographische Detailangaben
1. Verfasser: Kubiš, Juraj
Format: Buch
Sprache:Slowakisch
Veröffentlicht: Bratislava Elita 1995
Schlagworte:
Tags: Tag hinzufügen
Keine Tags, Fügen Sie das erste Tag hinzu!

MARC

LEADER 00000nam a2200000 4500
001 c009773
005 20221128073406.8
020 |a 80-85323-72-9 
041 0 |a slo 
044 |a SK 
245 1 0 |a Mikrologistika  |c Juraj Kubiš 
264 1 |a Bratislava  |b Elita  |c 1995 
300 |a 150 s. 
610 2 0 |a logistika 
610 2 0 |a systémy výrobné 
610 2 0 |a výroba 
610 2 0 |a analýza procesov výrobných 
100 1 |a Kubiš, Juraj